000 00242 a2200097 4500
001 11102
100 _aDr. A. Rauf
245 _aRenaissanc of Islamic Culture and civelization in Pakistan
260 _a
_bSh. M Ashraf
_c
090 _c8659
_d8659
942 _aNUST-CAE
_cM
_c35443
999 _c246175
_d246175